00254nam a2200109Ia 4500008004100000100001800041245003200059260001600091650001300107942000700120999001700127190216s9999||||xx |||||||||||||| ||und|| aPadmanabhan T 0aVeedu Nashtapetta Oru Kutty bPk Brothers aKathakal cBK c26701d26701